00898cam a2200301 a 45000010005000000030006000050050017000110080041000280100017000690200022000860200018001080200039001260400023001650500016001880820012002041000015002162450019002312600027002503000048002774900046003255000020003715050007003915200110003985210027005085210019005356500020005546500022005746568FISKH20250512104509.0030224s2003 nyua a 001 0 eng  a 2003004139 a0789497999 (pbk.) a9780789497994 a0789497980 (paper laminated cover) aDLCcDLCdDLCbeng aPZ7 .C71638 a 535.6  aAnonymous 00aColorful days. aNew York :bDK,c2003. a32 pages : bcolor illustrations ; c23 cm 1 aDK readers. Pre-level 1, Learning to read aIncludes index. aG  aExplores a variety of colors seen in the different seasons from winter through spring and summer to fall.8 a300 bLexile estimate 8 aG bRaz-Plus  1aColorvFiction. 1aSeasonsvFiction.